| 000 | 00000nam##2200000za#4500 |
| 001 | 9.699496 |
| 003 | CaOODSP |
| 005 | 20210625000416 |
| 007 | cr ||||||||||| |
| 008 | 150407|1997||||xxc|||||o f|0| 0 eng|d |
| 040 | |aCaOODSP|beng |
| 043 | |an-cn--- |
| 086 | 1 |aR74-11/1997E-PDF |
| 110 | 1 |aCanada.|bIndian and Northern Affairs. |bWater Resources Division. |
| 245 | 10|aLac de Gras area : |h[electronic resource]|bwater quality sampling program, spring 1996 / |c[by] E. Davey and W. Puznicki. |
| 260 | |aYellowknife - Northwest Territories : |bIndian and Northern Affairs. |cAugust 3, 1997; 1999. |
| 300 | |a26p.|bmap, references, tables |
| 590 | |a15-02-Supp|b2015-02-16 |
| 690 | 07|aWater quality|2gcpds |
| 775 | 08|tRégion du lac de Gras : |w(CaOODSP)9.643536 |
| 856 | 40|ahttp://publications.gc.ca|qPDF|s1009 KB|uhttps://publications.gc.ca/collections/collection_2014/aadnc-aandc/R74-11-1997-eng.pdf |
| 986 | |aQS-Y131-000-EE-A1 |